Statistics for World Geography on a Map #1

Click here to take the quiz!

General Stats

  • This quiz has been taken 32,381 times
  • The average score is 17 of 25

Answers on the Map

Answers color-coded by a green-red scale on the quiz's map according to % correct below.
Loading ...
 

Answer Stats

TypeAnswer% Correct
CountryNorway
96%
RegionCalifornia
92%
CountryUruguay
89%
CountryPapua New Guinea
88%
Mountain RangeAndes
88%
CountryNamibia
83%
CityPanama City
83%
CityIstanbul
78%
CitySingapore
75%
CityPyongyang
74%
CountryTurkmenistan
74%
LakeVictoria
72%
Mountain RangeUral
68%
LakeSuperior
66%
RegionBalkans
66%
Mountain RangePyrenees
64%
RegionNew South Wales
63%
RegionTibet
56%
CityToronto
55%
RegionBavaria
51%
CityKarachi
46%
LakeBaikal
45%
CityDar es Salaam
40%
LakeAral
28%
Mountain RangeSouthern Alps
20%

Score Distribution

Percentile by Number Answered

Percent of People with Each Score

Your Score History

You have not taken this quiz